000 01000nas a2200313 4500
001 BR2012002364
003 BR-BrBNA
005 20231205120359.0
007 ta
008 230509b bl.|||p| |||| 00| 00por d
040 _aBR-BrBNA
_bpor
_cBiblioteca Nacional de Agricultura
041 _a(Pt)
072 _aF62; F03
100 1 _aOliveira, M.T.R. de
100 1 _aBerbert, P.A.
100 1 _aPereira, R. de C.
100 1 _aVieira, H.D.
100 1 _aCarlesso, V.O.
245 1 _aCaracteristicas biométricas e físico-químicas do fruto, morfologia da semente e da plântula de Averrhoa carambola L. (Oxalidaceae)
650 _aCARAMBOLA
650 _aAVERRHOA CARAMBOLA
650 _aPROPRIEDADE FÍSICO-QUÍMICA
650 _aSEMENTE
650 _aGERMINAÇÃO
650 _aBIOMETRIA
773 0 _tRevista Brasileira de Sementes (Brazil)
_xISSN 0101-3122
_g(Jun 2011), v. 33(2) p. 261-271
_wBR2012002364
909 _a202311
_bLúcia
_c55
_dLúcia Elande
942 _2AGRIS
_n0
_cANA
999 _c218214
_d218214